• 首页
  • 本馆介绍
  • 公告通知
  • 最新文献
  • 馆藏检索
  • 电子资源
  • 读者导购
  • 参考咨询
  • 我的图书馆
  • 登录
  • 详细信息显示
  • 放入我的书架
  • 预约/预借图书
  • 作者相关作品
  • 分类相关作品
  • 丛书相关作品
  • 出版社相关作品

书目信息

  • 表格格式
  • 工作单格式
  • 卡片格式
题名:
环境物理学
    
 
作者: 刘树华 编著
分册:  
出版信息: 北京   化学工业出版社  2004
页数: 439页
开本: 20cm
丛书名:
单 册:
中图分类: X12
科图分类:
主题词: 环境物理学
电子资源:
ISBN: 7-5025-5809-8
000 00739nam0 2200241 450
001 002772498
005 20070805145925.14
010    @a7-5025-5809-8@dCNY34.00
035    @a002772498
100    @a20041126d2004 em y0chiy0110 ea
101 0  @achi
102    @aCN@b110000
105    @ay z 000yy
106    @ar
200 1  @a环境物理学@Ahuan jing wu li xue@f刘树华编著@Fliu shu hua bian zhu
210    @a北京@c化学工业出版社@d2004
215    @a439页@d20cm
330    @a本书对环境物理学概论、地球大气系统环境物理学概念、土壤环境物理、土壤中水环境物理、遥感环境物理学等进行系统的介绍。
606 0  @a环境物理学
690    @aX12@v4
701  0 @a刘树华@Aliu shu hua@f(1952~)@4编著
801  0 @aCN@bNLC@c20070805
905    @dX12@e150@f5
    
    环境物理学/刘树华编著.-北京:化学工业出版社,2004
    439页;20cm
    
    
    ISBN 7-5025-5809-8:CNY34.00
    本书对环境物理学概论、地球大气系统环境物理学概念、土壤环境物理、土壤中水环境物理、遥感环境物理学等进行系统的介绍。
●
相关链接 在E读中查询图书 在五车中查询图书 在当当中查询图书 在豆瓣中查询图书


正题名:环境物理学     索取号:X12/150         预约/预借

序号 登录号 条形码 馆藏地/架位号 状态 备注
1 0850819   208508195   第二样本阅览室/ [索取号:X12/150] 在馆    
2 0850820   208508202   第三借阅区/ [索取号:X12/150] 在馆    
3 0850821   208508211   第三借阅区/ [索取号:X12/150] 在馆    
4 0850822   208508220   第三借阅区/ [索取号:X12/150] 在馆    
5 0850823   208508239   第三借阅区/ [索取号:X12/150] 在馆    
唐山师范学院图书馆 欢迎您!
大连网信软件有限公司© 版权所有